000 00826nam a22002417a 4500
005 20180207111118.0
010 _a1718EN-30 ENG-121365
020 _a9789332578586
_c899.00
035 _aEN-104897
035 _aB-684157-164
037 _bBSB
_adpl
037 _bDBAD/PUB
082 _a547
100 _aWade, Leroy G.
245 _aOrganic chemistry /
_cby Leroy G. Wade
246 _a8th ed
250 _a6th ed
260 _c2017
_aNoida
_bPearson India
270 _a15th Floor,, Tower-B, World Trade, Plot No.1, Block-C, Sector-16,
_bNoida
_e201301
300 _c23cm(pbk)
_a1278p. :
_bill.
942 _cEN
_2ddc
_mWAD
_h547
999 _c145501
_d145501